General Knowledge #09 - Statistics

General Stats
  • This quiz has been taken 76 times
  • The average score is 11 of 14
Answer Stats
Questions Answer % Correct
Muscovite is the name given to someone from which city? Moscow
93%
What colour is the leather on the benches in the UK House of Lords? Red
92%
What is considered the largest, thickest and strongest bone in the human body? Femur
89%
The Davis Cup is an international team event for men in which sport? Tennis
89%
Which US President said 7th Dec 1941 was "a date which will live in infamy"? Franklin D Roosevelt
82%
In regular chess, which is the only piece able to 'jump' over other pieces? Knight
80%
Which US TV show, often known as SNL, celebrated its 45th birthday in 2020? Saturday Night Live
77%
Which Whitney Houston film’s soundtrack album sold over 25 million copies? The Bodyguard
77%
La Scala, inaugurated in 1778, is an opera house in which European city? Milan
74%
In 2010, Julia Gillard became the first female Prime Minister of which country? Australia
70%
Jacqueline Du Pré is most associated with which musical instrument? Cello
59%
Which spirit, whose spelling generally contains an 'e' in the US and Ireland, but not elsewhere, derives its name from the Classical Gaelic word for 'water'? Whisky / Whiskey
59%
On which date does France celebrate its national day (AKA Bastille Day)? 14th July
57%
In the stories by PG Wodehouse, what was the name of Bertie Wooster's valet? Jeeves
54%
No matching quizzes found
Score Distribution
Percent of People with Each Score
Percentile by Number Answered
Your Score History
You have not taken this quiz